000
00244nmm a2200085Ia 4500
008
220120s9999||||xx |||||||||||||||||und||
100
_a
PCQ-DEC-2009
_9
11091
245
0
_a
Full software, linux ISOs, mostly linux VYATTA, EA Sports, F
260
_c
2009
999
_c
139280
_d
139280